000 01213nam a2200313Ia 4500
001 ebr10060660
003 CaPaEBR
006 m u
007 cr cn|||||||||
008 900828s1991 enk sb 001 0 eng d
010 _z 90046761
020 _z0203032837
020 _z0415034833
040 _aCaPaEBR
_cCaPaEBR
035 _a(OCoLC)52338584
050 1 4 _aBL795.H83
_bH84 1991eb
100 1 _aHughes, Dennis D.,
_d1951-
245 1 0 _aHuman sacrifice in ancient Greece
_h[electronic resource] /
_cDennis D. Hughes.
260 _aLondon ;
_aNew York :
_bRoutledge,
_c1991.
300 _axiv, 301 p.
500 _aRevision of the author's thesis (Ph. D.)--Ohio State University, 1986.
504 _aIncludes bibliographical references and index.
533 _aElectronic reproduction.
_bPalo Alto, Calif. :
_cebrary,
_d2009.
_nAvailable via World Wide Web.
_nAccess may be limited to ebrary affiliated libraries.
650 0 _aHuman sacrifice
_zGreece.
651 0 _aGreece
_xReligion.
655 7 _aElectronic books.
_2local
710 2 _aebrary, Inc.
856 4 0 _uhttp://site.ebrary.com/lib/rucke/Doc?id=10060660
_zAn electronic book accessible through the World Wide Web; click to view
999 _c46131
_d46131